[Event "GER-chT U12 Girls"]
[Site "Magdeburg"]
[Date "2023.12.30"]
[Round "7.6"]
[White "Rabus, Luise"]
[Black "Satheesh, Yazhini"]
[Result "1-0"]
[WhiteElo "913"]
[BlackElo "859"]
[PlyCount "61"]
[EventDate "2023.12.26"]
[EventType "team-swiss"]
[EventRounds "7"]
[EventCountry "GER"]
[SourceTitle "CB03_2024"]
[SourceDate "2024.01.17"]
[SourceVersion "1"]
[SourceVersionDate "2024.01.17"]
[SourceQuality "1"]
[WhiteTeam "Oberschoeneweide"]
[BlackTeam "Duesseldorf SK"]
[WhiteTeamCountry "GER"]
[BlackTeamCountry "GER"]

1. e4 e5 2. Nf3 Nc6 3. Bc4 Bc5 4. d3 Nf6 5. c3 d6 6. 0-0 Bg4 7. h3 Bh5 8. Re1 0-0 9. Nbd2 h6 10. Nf1 Nd7 11. Ng3 Bg6 12. Nh2 Qf6 13. Be3 Bxe3 14. Rxe3 a6 15. Rf3 Qe7 16. Nf5 Bxf5 17. Rxf5 b5 18. Bb3 Rab8 19. Rf3 Nf6 20. Rg3 Na5 21. Bc2 c6 22. Ng4 Nxg4 23. Qxg4 Qf6 24. Re1 Qg6 25. Qh4 Qe6 26. b4 Qxa2 27. Qxh6 g6 28. Re2 Qa1+ 29. Kh2 Nb7 30. Bb3 Qxc3 31. Rxg6# 1-0

[Event "GER-chT U12 Girls"]
[Site "Magdeburg"]
[Date "2023.12.29"]
[Round "5.4"]
[White "Leicher, Anna"]
[Black "Satheesh, Yazhini"]
[Result "1-0"]
[WhiteElo "1279"]
[BlackElo "859"]
[PlyCount "89"]
[EventDate "2023.12.26"]
[EventType "team-swiss"]
[EventRounds "7"]
[EventCountry "GER"]
[SourceTitle "CB03_2024"]
[SourceDate "2024.01.17"]
[SourceVersion "1"]
[SourceVersionDate "2024.01.17"]
[SourceQuality "1"]
[WhiteTeam "Bayern Muenchen"]
[BlackTeam "Duesseldorf SK"]
[WhiteTeamCountry "GER"]
[BlackTeamCountry "GER"]

1. e4 e5 2. Nf3 Nc6 3. d4 d6 4. dxe5 dxe5 5. Qxd8+ Kxd8 6. Bb5 Bd6 7. a3 Nf6 8. Ng5 Be6 9. Nd2 a6 10. Bc4 Kd7 11. Nxf7 Bxf7 12. Bxf7 Nd4 13. Bb3 Nxb3 14. cxb3 Rad8 15. 0-0 Kc8 16. f3 Bc5+ 17. Kh1 Bd6 18. Nc4 h6 19. Be3 Rhe8 20. Rac1 Kb8 21. Na5 Rd7 22. Rfd1 g5 23. Rc4 Ree7 24. b4 Nh5 25. a4 Re8 26. b5 axb5 27. axb5 Nf4 28. Ra1 c5 29. bxc6 bxc6 30. Nxc6+ Kc7 31. Ra7+ Kc8 32. Nxe5+ Rc7 33. Ra8+ Kb7 34. Rxe8 Bxe5 35. Rb4+ Kc6 36. Rxe5 Nd3 37. Rc4+ Kd6 38. Rd5+ Ke7 39. Rxc7+ Ke6 40. Rc6+ Ke7 41. Rxd3 Ke8 42. Rc7 g4 43. Ra3 Kd8 44. Rh7 Kc8 45. Ra8# 1-0

[Event "GER-chT U12 Girls"]
[Site "Magdeburg"]
[Date "2023.12.28"]
[Round "4.3"]
[White "Satheesh, Yazhini"]
[Black "Berger, Jennifer"]
[Result "0-1"]
[WhiteElo "859"]
[BlackElo "1210"]
[PlyCount "96"]
[EventDate "2023.12.26"]
[EventType "team-swiss"]
[EventRounds "7"]
[EventCountry "GER"]
[SourceTitle "CB03_2024"]
[SourceDate "2024.01.17"]
[SourceVersion "1"]
[SourceVersionDate "2024.01.17"]
[SourceQuality "1"]
[WhiteTeam "Duesseldorf SK"]
[BlackTeam "Garching"]
[WhiteTeamCountry "GER"]
[BlackTeamCountry "GER"]

1. e4 e5 2. Nf3 Nc6 3. Nc3 Nf6 4. Bb5 Bc5 5. d3 h6 6. Bd2 0-0 7. 0-0 d6 8. h3 Be6 9. a3 a6 10. Ba4 b5 11. Bb3 Bd7 12. Nd5 Nd4 13. Nxd4 Bxd4 14. Bc3 Bxc3 15. Nxc3 Bc6 16. Nd5 Bb7 17. Qf3 Nxd5 18. Bxd5 Bxd5 19. exd5 Re8 20. c4 Qg5 21. Rfe1 Rac8 22. Qe3 Qxe3 23. Rxe3 c6 24. dxc6 Rxc6 25. cxb5 axb5 26. d4 Rc2 27. Rb1 Rd2 28. dxe5 Rxe5 29. Rxe5 dxe5 30. Kf1 f5 31. Ke1 Rc2 32. g4 f4 33. f3 Kf7 34. h4 Kg6 35. h5+ Kg5 36. Kf1 Kh4 37. Kg1 Kg3 38. Rf1 Rxb2 39. Kh1 Rf2 40. Rxf2 Kxf2 41. Kh2 Kxf3 42. Kh3 e4 43. Kh2 Kf2 44. Kh1 e3 45. Kh2 e2 46. Kh3 e1Q 47. Kh2 Qg1+ 48. Kh3 Qh1# 0-1